[Event "It (open)"]
[Site "masterchessopen.com Giessen (Germany)"]
[Round "4"]
[White "Hassler Rolf (GER)"]
[Black "Hatarik Robert (GER)"]
[Result "1-0"]
[WhiteElo "1897"]
[BlackElo "2187"]

1.e4 c5 2.Nc3 Nc6 3.g3 g6 4.Bg2 Bg7 5.d3 d6 6.Be3 e6 7.Qd2 Nd4 8.Nd1 Bd7 9.c3
Nc6 10.f4 Nf6 11.e5 dxe5 12.fxe5 Ng4 13.Bxc5 Ngxe5 14.Nf3 Bc8 15.d4 Ng4 16.O-O
b6 17.Ng5 {#r} 1-0

[Event "It (open)"]
[Site "masterchessopen.com Haarlem (Netherlands)"]
[Round "5"]
[White "Dekker Jop (NED)"]
[Black "Lowie Michiel (NED)"]
[Result "1-0"]
[WhiteElo "1912"]
[BlackElo "1893"]

1.e4 c5 2.Nc3 Nc6 3.g3 g6 4.Bg2 Bg7 5.d3 d6 6.Be3 Nf6 7.h3 Bd7 8.Qd2 Nd4
9.Nce2 e5 10.c3 Nc6 11.Nf3 b5 12.Nh4 a5 13.f4 b4 14.O-O O-O 15.f5 Ne7 16.g4
Ne8 17.Ng3 Rb8 18.Rf2 Kh8 19.Raf1 Ng8 20.g5 {#r} 1-0

[Event "It (open)"]
[Site "masterchessopen.com Hachenburg (Germany)"]
[Round "0"]
[White "Thieme-Garmann Alexander (GER)"]
[Black "Pandorf Horst (GER)"]
[Result "1-0"]
[WhiteElo "2120"]
[BlackElo "1710"]

1.e4 c5 2.Nc3 Nc6 3.g3 g6 4.Bg2 Bg7 5.d3 d6 6.Be3 e6 7.Qd2 a6 8.Nf3 Qc7 9.d4
cxd4 10.Nxd4 b5 11.Rd1 b4 12.Nce2 Nxd4 13.Nxd4 e5 14.Ne2 Bf8 15.O-O h5 16.c3
Be6 17.cxb4 Bxa2 18.Nc3 Be6 19.Nd5 Bxd5 20.Qxd5 Rb8 21.Qa5 Qxa5 22.bxa5 Rxb2
23.Bb6 Nf6 24.Rc1 {#r} 1-0

[Event "It (open)"]
[Site "masterchessopen.com Hungary"]
[Round "4"]
[White "Szyszko-Bohusz Andrzej (POL)"]
[Black "Szczecina Michal (POL)"]
[Result "1-0"]
[WhiteElo "1987"]
[BlackElo "2085"]

1.e4 c5 2.Nc3 Nc6 3.g3 g6 4.Bg2 Bg7 5.d3 d6 6.Be3 Rb8 7.Nge2 e6 8.d4 b6 9.Qd2
e5 10.dxe5 dxe5 11.Qxd8+ Kxd8 12.O-O-O+ Kc7 13.Nb5+ {#r} 1-0

[Event "It (open) (b) (juniors)"]
[Site "masterchessopen.com Plzen (Czech Republic)"]
[Round "9"]
[White "Spirek Adam (CZE)"]
[Black "Vohnout Pavel (CZE)"]
[Result "1-0"]
[WhiteElo "2110"]
[BlackElo "2057"]

1.e4 c5 2.Nc3 d6 3.g3 g6 4.Bg2 Bg7 5.d3 Nc6 6.Be3 e6 7.Qd2 Nge7 8.Bh6 O-O
9.Bxg7 Kxg7 10.f4 Nd4 11.Nd1 Qc7 12.c3 Ndc6 13.g4 f5 14.Nf2 Rb8 15.h4 b5 16.h5
Ba6 17.Nf3 Qd7 18.d4 cxd4 19.cxd4 Bb7 20.d5 fxe4 21.dxc6 Bxc6 22.Qd4+ Kg8
23.Nxe4 Bxe4 24.Qxe4 {#r} 1-0

[Event "It (open)"]
[Site "masterchessopen.com Sala (Slovakia)"]
[Round "3"]
[White "Belan Jozef (SVK)"]
[Black "Hlinka Vasil (SVK)"]
[Result "1-0"]
[WhiteElo "2089"]
[BlackElo "2132"]

1.e4 c5 2.Nc3 Nc6 3.g3 g6 4.Bg2 Bg7 5.d3 d6 6.Be3 e6 7.Qd2 Rb8 8.Nge2 Nd4
9.O-O b5 10.Nd1 Nxe2+ 11.Qxe2 Ne7 12.Qd2 e5 13.Bh6 O-O 14.Bxg7 Kxg7 15.Ne3 Be6
16.f4 f6 17.Rf2 Qd7 18.Raf1 Bh3 19.Bxh3 Qxh3 20.g4 h5 21.Rf3 Qh4 22.g5 fxg5
23.f5 g4 24.f6+ {#r} 1-0

[Event "Slovak League (1st) 1995/96"]
[Site "masterchessopen.com Slovakia"]
[Round "2"]
[White "Kovacova Zuzana (BER)"]
[Black "Zavarsky Juraj (SVK)"]
[Result "1-0"]
[WhiteElo "2123"]
[BlackElo "2036"]

1.e4 c5 2.Nc3 Nc6 3.g3 g6 4.Bg2 Bg7 5.d3 d6 6.Be3 e6 7.Qd2 Nge7 8.Bh6 Bf6
9.Nge2 a6 10.O-O Ng8 11.Be3 h5 12.h4 Ne5 13.f3 Ne7 14.Rad1 Qc7 15.b3 N5c6
16.d4 b6 17.e5 cxd4 18.exf6 dxe3 19.Qxd6 Qxd6 20.Rxd6 Nb4 21.fxe7 {#r} 1-0

[Event "It (open) (b)"]
[Site "masterchessopen.com Balatonbereny (Hungary)"]
[Round "5"]
[White "Wunderlich Livius (HUN)"]
[Black "Rauscher Erwin (AUT)"]
[Result "1-0"]
[WhiteElo "2074"]
[BlackElo "1578"]

1.e4 c5 2.Nc3 Nc6 3.g3 d6 4.d3 g6 5.Bg2 Bg7 6.Be3 Nf6 7.h3 O-O 8.Qd2 Nd7 9.Bh6
Nb6 10.h4 f5 11.h5 Ne5 12.hxg6 hxg6 13.Bxg7 Kxg7 14.Qh6+ Kf7 15.Qh7+ Ke8 16.f4
Ng4 17.Qxg6+ Rf7 18.Rh8+ {#r} 1-0

[Event "It \"]
[Site "masterchessopen.com Budapest (Hungary)"]
[Round "10"]
[White "Dorner Guenther (AUT)"]
[Black "Feher Gyula (HUN)"]
[Result "0-1"]
[WhiteElo "2087"]
[BlackElo "2375"]

1.e4 c5 2.Nc3 Nc6 3.g3 g6 4.Bg2 Bg7 5.d3 d6 6.Be3 e5 7.Qd2 Nge7 8.Bh6 Bxh6
9.Qxh6 Nd4 10.Qd2 Qa5 11.h3 Be6 12.Nge2 Nec6 13.a3 b5 14.Rc1 b4 15.axb4 cxb4
16.Nd5 Nxe2 17.Qxe2 Nd4 18.Qd2 Bxd5 19.exd5 O-O 20.O-O Rac8 21.Qd1 Qa2 22.f4
Qxb2 23.fxe5 Qxc1 {#R} 0-1

[Event "Ch Catalunia (team)"]
[Site "masterchessopen.com Catalunia (Spain)"]
[Round "0"]
[White "Lopez Sixte"]
[Black "Martinez Fernando Semprun (ESP)"]
[Result "1-0"]
[WhiteElo "2180"]
[BlackElo "2149"]

1.e4 c5 2.Nc3 Nc6 3.g3 g6 4.Bg2 Bg7 5.d3 d6 6.Be3 Nf6 7.h3 O-O 8.Qd2 Re8 9.f4
e5 10.Nge2 a6 11.O-O b5 12.f5 Qc7 13.Bh6 Nd4 14.Bxg7 Kxg7 15.fxg6 fxg6 16.Rxf6
Bb7 17.Rf2 b4 18.Nd5 Bxd5 19.exd5 Nf5 20.Be4 Qd7 21.Bxf5 gxf5 22.Qg5+ Kh8
23.Qf6+ {#r} 1-0

[Event "Ch France (team) (juniors) (under 18)"]
[Site "masterchessopen.com France"]
[Round "0"]
[White "Rouillon Ludovic (FRA)"]
[Black "Tirard Hugo (FRA)"]
[Result "0-1"]
[WhiteElo "2141"]
[BlackElo "2395"]

1.e4 c5 2.Nc3 Nc6 3.g3 g6 4.Bg2 Bg7 5.d3 d6 6.Be3 Rb8 7.Qd2 b5 8.Nge2 b4 9.Nd1
Nd4 10.O-O e6 11.c3 Nxe2+ 12.Qxe2 bxc3 13.bxc3 Ne7 14.Qd2 Ba6 15.Re1 O-O
16.Bf1 Nc6 17.Be2 Qa5 18.Bh6 Bxh6 19.Qxh6 Nd4 20.Qc1 Nxe2+ 21.Rxe2 Bxd3 22.Re3
Ba6 23.g4 Qb5 {#R} 0-1

[Event "Bayern Regionalliga Northeast"]
[Site "masterchessopen.com Germany"]
[Round "8"]
[White "Ceglar Michael (GER)"]
[Black "Tiefenbach Wilfried (GER)"]
[Result "0-1"]
[WhiteElo "2000"]
[BlackElo "2175"]

1.e4 c5 2.Nc3 Nc6 3.g3 g6 4.Bg2 Bg7 5.d3 d6 6.Be3 e6 7.Nge2 Nd4 8.O-O Ne7
9.Qd2 O-O 10.Nd1 b6 11.c3 Nxe2+ 12.Qxe2 Bb7 13.d4 Qc8 14.f4 Ba6 15.Qf2 Bxf1
16.Qxf1 Qc7 17.f5 gxf5 18.exf5 Nxf5 19.Bxa8 Nxe3 20.Be4 Nxf1 {#R} 0-1

[Event "It (a)"]
[Site "masterchessopen.com Goetzis (Austria)"]
[Round "2"]
[White "Poettinger Harald (AUT)"]
[Black "Dorner Guenther (AUT)"]
[Result "1-0"]
[WhiteElo "2200"]
[BlackElo "2087"]

1.e4 c5 2.d3 Nc6 3.g3 d6 4.Bg2 g6 5.Nc3 Bg7 6.Be3 h5 7.h3 Bd7 8.Qd2 Rb8 9.f4
b5 10.Rb1 Qa5 11.a3 e6 12.Nf3 Nge7 13.O-O O-O 14.Nh4 Bd4 15.f5 b4 16.Bxd4 Nxd4
17.f6 {#r} 1-0

[Event "It (open) (juniors) (under 16)"]
[Site "masterchessopen.com Hengelo (Netherlands)"]
[Round "1"]
[White "Donovan Linton (BEL)"]
[Black "Lahaye Jordy (NED)"]
[Result "1-0"]
[WhiteElo "2262"]
[BlackElo "2135"]

1.e4 c5 2.Nc3 Nc6 3.g3 g6 4.Bg2 Bg7 5.d3 d6 6.Be3 e6 7.Qd2 Nge7 8.Bh6 O-O 9.h4
f5 10.Bxg7 Kxg7 11.h5 Rh8 12.Nf3 Rb8 13.O-O-O b5 14.hxg6 Nxg6 15.exf5 exf5
16.Qh6+ Kg8 17.Nh4 Nce5 18.Nxg6 {#r} 1-0

[Event "Ch Hungary (team) 1996/97"]
[Site "masterchessopen.com Hungary"]
[Round "1"]
[White "Pesztericz Laszlo (HUN)"]
[Black "Szakolczai Peter (HUN)"]
[Result "0-1"]
[WhiteElo "2130"]
[BlackElo "2234"]

1.e4 c5 2.Nc3 Nc6 3.g3 g6 4.Bg2 Bg7 5.d3 d6 6.Be3 e6 7.Qd2 Nd4 8.Nd1 Ne7 9.c3
Ndc6 10.Bh6 O-O 11.h4 f6 12.Bxg7 Kxg7 13.Ne3 e5 14.h5 Rh8 15.Ne2 Bd7 16.hxg6
hxg6 17.Rxh8 Qxh8 18.O-O-O Qg8 19.Rh1 Qxa2 20.Nd5 Ng8 21.f4 Na5 22.Kd1 Nb3
23.Qe3 Qb1+ 24.Nc1 Bg4+ {#R} 0-1

[Event "It (open)"]
[Site "masterchessopen.com Kobanya (Hungary)"]
[Round "2"]
[White "Jamrich Gyorgy (HUN)"]
[Black "Peter Ambrus (HUN)"]
[Result "0-1"]
[WhiteElo "2295"]
[BlackElo "2435"]

1.e4 c5 2.Nc3 Nc6 3.g3 g6 4.Bg2 Bg7 5.d3 d6 6.Be3 e6 7.Qd2 Nge7 8.Bh6 Bxh6
9.Qxh6 Nd4 10.O-O-O Qa5 11.Kb1 Bd7 12.Qg7 Rf8 13.Qxh7 Nec6 14.Qh6 O-O-O 15.Qd2
Nb4 16.a3 Nbxc2 17.Rc1 Ba4 18.Nh3 Bb3 19.Rhd1 Qb6 20.Rf1 {#R} 0-1

[Event "It"]
[Site "masterchessopen.com Milan (Italy)"]
[Round "1"]
[White "Iudicello Marco (ITA)"]
[Black "Sulava Nenad (CRO)"]
[Result "0-1"]
[WhiteElo "2172"]
[BlackElo "2430"]

1.e4 c5 2.Nc3 Nc6 3.g3 g6 4.Bg2 Bg7 5.d3 d6 6.Be3 e6 7.Qd2 Rb8 8.Nf3 Nd4 9.Nd1
Ne7 10.c3 Nxf3+ 11.Bxf3 b6 12.Bh6 Bxh6 13.Qxh6 Ba6 14.Ne3 Bxd3 15.Ng4 Kd7
16.Rd1 c4 17.Be2 Bxe2 18.Ne5+ Kc7 19.Kxe2 Qf8 20.Qf4 dxe5 21.Qxe5+ Kc8 22.Rd4
Nc6 23.Rxc4 Kb7 24.Qb5 Qe8 {#R} 0-1

[Event "It (open) (juniors)"]
[Site "masterchessopen.com Plzen (Czech Republic)"]
[Round "1"]
[White "Staszko Martin (CZE)"]
[Black "Kovar Vojtech (CZE)"]
[Result "1-0"]
[WhiteElo "2056"]
[BlackElo "2308"]

1.e4 c5 2.Nc3 d6 3.g3 Nc6 4.Bg2 g6 5.d3 Bg7 6.Be3 e6 7.Qd2 Nge7 8.Bh6 O-O 9.h4
d5 10.h5 d4 11.hxg6 hxg6 12.Bxg7 Kxg7 13.Qh6+ Kf6 14.e5+ Nxe5 15.Ne4+ {#r} 1-0

[Event "It (open)"]
[Site "masterchessopen.com Solymar (Hungary)"]
[Round "0"]
[White "Jamrich Gyorgy (HUN)"]
[Black "Dani Peter (HUN)"]
[Result "1-0"]
[WhiteElo "2295"]
[BlackElo "2093"]

1.e4 c5 2.Nc3 Nc6 3.g3 g6 4.Bg2 Bg7 5.d3 d6 6.Be3 Rb8 7.Qd2 b5 8.Nd1 b4 9.c3
e5 10.Ne2 Nge7 11.Bh6 Bf6 12.O-O Ng8 13.Be3 h5 14.d4 cxd4 15.cxd4 Ba6 16.d5
Nd4 17.Bxd4 exd4 18.Re1 Qb6 19.Kh1 Ne7 20.f4 O-O 21.Nf2 Rbc8 22.Rad1 Rc7
23.Bh3 d3 24.Nxd3 {#r} 1-0

[Event "It (open)"]
[Site "masterchessopen.com Velden (Austria)"]
[Round "7"]
[White "Posch Werner (AUT)"]
[Black "Hanel Reinhard (AUT)"]
[Result "0-1"]
[WhiteElo "2185"]
[BlackElo "2350"]

1.e4 c5 2.Nc3 Nc6 3.g3 g6 4.Bg2 Bg7 5.d3 d6 6.Be3 Rb8 7.f4 e6 8.Nf3 Nge7 9.O-O
O-O 10.Rb1 b5 11.a3 a5 12.Ne2 b4 13.axb4 axb4 14.Qd2 Ba6 15.b3 Qd7 16.Nh4 f5
17.Nf3 Bb7 18.Rfe1 Na7 19.e5 Nb5 20.d4 cxd4 21.Nfxd4 Bxg2 22.Nxb5 Ba8 23.Qxd6
Qb7 {#R} 0-1

[Event "It (open)"]
[Site "masterchessopen.com Bad Wiessee (Germany)"]
[Round "3"]
[White "Naiditsch Marija (GER)"]
[Black "Flachsbart Alexander (GER)"]
[Result "0-1"]
[WhiteElo "1969"]
[BlackElo "2074"]

1.e4 c5 2.Nc3 g6 3.g3 Bg7 4.Bg2 Nc6 5.d3 d6 6.Be3 Nf6 7.Qd2 Ng4 8.Nge2 Nxe3
9.Qxe3 O-O 10.O-O Bd7 11.Rae1 Rc8 12.Qd2 e6 13.f4 Nd4 14.Nc1 Qb6 15.Nd1 c4
16.c3 Nf3+ {#R} 0-1

[Event "Ch France (w)"]
[Site "masterchessopen.com Bastia (France)"]
[Round "0"]
[White "Costagliola Marina (FRA)"]
[Black "Husson Cybele (FRA)"]
[Result "1-0"]
[WhiteElo "2310"]
[BlackElo "1929"]

1.e4 c5 2.Nc3 Nc6 3.g3 g6 4.Bg2 Bg7 5.d3 d6 6.Be3 e5 7.Qd2 Nd4 8.Nd1 b5 9.c3
Ne6 10.f4 exf4 11.gxf4 Qh4+ 12.Nf2 Rb8 13.f5 gxf5 14.exf5 Nd8 15.Bg5 Qa4
16.Ne4 Be5 17.Nf3 Bxf5 18.Nxe5 Bxe4 19.dxe4 dxe5 20.Qd6 f6 21.Qxb8 Qc2 22.O-O
Ne7 23.Qxb5+ {#r} 1-0

[Event "Ch Italy (juniors)"]
[Site "masterchessopen.com Cerro (Italy)"]
[Round "0"]
[White "Riccio Eros (ITA)"]
[Black "De Bortoli Peter (ITA)"]
[Result "0-1"]
[WhiteElo "2178"]
[BlackElo "2183"]

1.e4 c5 2.Nc3 d6 3.g3 g6 4.Bg2 Bg7 5.d3 Nc6 6.Be3 Nf6 7.h3 O-O 8.Qd2 Re8
9.Nge2 Rb8 10.O-O b5 11.f4 b4 12.Nd1 Nd7 13.g4 Nd4 14.Ng3 Qc7 15.Qf2 Rf8 16.f5
Be5 17.Nh1 d5 18.Re1 dxe4 19.dxe4 {#R} 0-1

[Event "It (open)"]
[Site "masterchessopen.com Eger (Hungary)"]
[Round "9"]
[White "Toth Tamas (HUN)"]
[Black "Van Steenis Joost (NED)"]
[Result "1-0"]
[WhiteElo "1994"]
[BlackElo "2116"]

1.e4 c5 2.Nc3 d6 3.g3 g6 4.Bg2 Bg7 5.d3 Nc6 6.Be3 e5 7.Nge2 h5 8.Qd2 h4
9.O-O-O h3 10.Bf1 Nd4 11.Bxd4 cxd4 12.Nd5 Ne7 13.Kb1 Nxd5 14.exd5 Bg4 15.Re1
Bf3 16.Rg1 Qb6 17.g4 Bxd5 18.Rg3 O-O-O 19.f4 e4 20.dxe4 d3 21.Nc3 dxc2+
22.Qxc2 Bc6 23.Nd5 Qa5 24.b4 {#r} 1-0

[Event "Ch Finland (juniors)"]
[Site "masterchessopen.com Finland"]
[Round "2"]
[White "Sorsa Nuutti (FIN)"]
[Black "Sorsa Miitrei (FIN)"]
[Result "1-0"]
[WhiteElo "2285"]
[BlackElo "2158"]

1.e4 c5 2.Nc3 Nc6 3.g3 g6 4.Bg2 Bg7 5.d3 d6 6.Be3 Nf6 7.h3 O-O 8.Qd2 Bd7
9.Nge2 Qc7 10.g4 Ne8 11.f4 Nd4 12.Ng3 b5 13.O-O-O b4 14.Nd5 Qd8 15.f5 gxf5
16.gxf5 Kh8 17.Nh5 a5 18.Nxg7 Nxg7 19.f6 exf6 20.Qf2 {#r} 1-0

[Event "It (open) \"]
[Site "masterchessopen.com Hania (Greece)"]
[Round "2"]
[White "Koukoufikis Ioannis (GRE)"]
[Black "Valellis Georgios (GRE)"]
[Result "0-1"]
[WhiteElo "1718"]
[BlackElo "2096"]

1.e4 c5 2.Nc3 Nc6 3.g3 g6 4.Bg2 Bg7 5.d3 d6 6.Be3 e6 7.Qd2 Rb8 8.Nf3 Nd4 9.Nd1
Ne7 10.c3 Nxf3+ 11.Bxf3 Nc6 12.Bh6 Ne5 13.Bg2 Nxd3+ 14.Ke2 Bxh6 15.Qxh6 Ne5
16.Ne3 b6 17.Rhd1 Ba6+ 18.Ke1 Qe7 19.Bf1 Nf3# 0-1

[Event "Ch Hungary (team) 1997/98 (2 liga)"]
[Site "masterchessopen.com Hungary"]
[Round "0"]
[White "Karsai Istvan (HUN)"]
[Black "Juhasz Bela (HUN)"]
[Result "1-0"]
[WhiteElo "2149"]
[BlackElo "2124"]

1.e4 c5 2.Nc3 Nc6 3.g3 g6 4.Bg2 Bg7 5.d3 d6 6.Be3 e6 7.Qd2 Nge7 8.Bh6 O-O 9.h4
f6 10.Bxg7 Kxg7 11.g4 Nd4 12.Nce2 e5 13.Bh3 Nec6 14.c3 Nxe2 15.Nxe2 d5 16.Ng3
Be6 17.g5 f5 18.exf5 gxf5 19.Nh5+ Kh8 20.g6 Re8 21.Qh6 Qe7 22.Rg1 {#r} 1-0

[Event "It (open)"]
[Site "masterchessopen.com Kassel (Germany)"]
[Round "5"]
[White "Schmidt Lars (GER)"]
[Black "Polenz Frederik"]
[Result "1-0"]
[WhiteElo "1904"]
[BlackElo "1930"]

1.e4 d6 2.Nc3 g6 3.g3 Bg7 4.Bg2 c5 5.d3 Nc6 6.Be3 h5 7.f4 h4 8.g4 f5 9.exf5
gxf5 10.g5 e6 11.h3 Nge7 12.Nf3 b5 13.d4 b4 14.Ne2 Nd5 15.Bf2 Ba6 16.Nxh4 Bxe2
17.Qxe2 Nxd4 18.Bxd4 Nxf4 19.Qb5+ Kf8 20.Bxg7+ Kxg7 21.Qb7+ Kg8 22.Qxa8 Qxa8
23.Bxa8 Rxh4 24.Kf2 {#r} 1-0

[Event "It (open)"]
[Site "masterchessopen.com Kassel (Germany)"]
[Round "3"]
[White "Schmidt Lars (GER)"]
[Black "Wiedemeyer Dirk (GER)"]
[Result "0-1"]
[WhiteElo "1904"]
[BlackElo "2170"]

1.e4 c5 2.Nc3 Nc6 3.g3 g6 4.Bg2 Bg7 5.d3 d6 6.Be3 e6 7.Qd2 Qa5 8.f4 Nge7 9.Nf3
Nd4 10.Nd1 Nxc2+ {#R} 0-1

[Event "It (open) \"]
[Site "masterchessopen.com Miskolc (Hungary)"]
[Round "1"]
[White "Szilagyi Zsolt (HUN)"]
[Black "Kiss Pal (HUN)"]
[Result "0-1"]
[WhiteElo "2095"]
[BlackElo "2450"]

1.e4 c5 2.Nc3 Nc6 3.g3 g6 4.Bg2 Bg7 5.d3 d6 6.Be3 e6 7.Qd2 Nge7 8.Nge2 Nd4
9.O-O O-O 10.Nd1 b6 11.Nc1 Ba6 12.c3 Ndc6 13.Bh6 d5 14.Bxg7 Kxg7 15.Ne3 dxe4
16.Bxe4 Qd7 17.Rd1 Rad8 18.Bg2 e5 19.Qc2 f5 20.Bf1 Bb7 21.a3 f4 22.Ng2 e4
23.Na2 Ne5 24.Ne1 {#R} 0-1

[Event "Ch Europe (juniors) (under 10) (g)"]
[Site "masterchessopen.com Tallinn (Estonia)"]
[Round "4"]
[White "Kharatyan Anahit (ARM)"]
[Black "Rogule Laura (LAT)"]
[Result "0-1"]
[WhiteElo "2075"]
[BlackElo "2312"]

1.e4 c5 2.Nc3 Nc6 3.g3 g6 4.Bg2 Bg7 5.d3 d6 6.Be3 e5 7.Qd2 Nge7 8.Bh6 O-O
9.Bxg7 Kxg7 10.f4 f5 11.exf5 Nxf5 12.fxe5 Nxe5 13.O-O-O Re8 14.Nh3 b5 15.Rhf1
Qa5 16.Kb1 Be6 17.b3 Qa3 {#R} 0-1

[Event "Ch Europe (juniors) (under 12)"]
[Site "masterchessopen.com Tallinn (Estonia)"]
[Round "1"]
[White "Smirnovs Aleksandrs (LAT)"]
[Black "Gajewski Grzegorz (POL)"]
[Result "0-1"]
[WhiteElo "2037"]
[BlackElo "2607"]

1.e4 c5 2.d3 d6 3.g3 Nc6 4.Bg2 g6 5.Nc3 Bg7 6.Be3 e6 7.Nge2 Nge7 8.Qd2 Nd4
9.Rc1 O-O 10.Bh6 Nxe2 11.Kxe2 f5 12.h4 fxe4 13.Bxe4 d5 14.Bxg7 Kxg7 15.Bg2 Nf5
16.Rcf1 Qb6 17.Qc1 c4 {#R} 0-1

[Event "Ch Europe (juniors) (under 14) (g)"]
[Site "masterchessopen.com Tallinn (Estonia)"]
[Round "2"]
[White "Coimbra Margarida (POR)"]
[Black "Reszka Malgorzata (POL)"]
[Result "1-0"]
[WhiteElo "2162"]
[BlackElo "2120"]

1.e4 c5 2.Nc3 Nc6 3.g3 g6 4.Bg2 Bg7 5.d3 d6 6.Be3 e5 7.Nge2 Nge7 8.Qd2 Nd4
9.Qc1 Bg4 10.h3 Be6 11.O-O O-O 12.f4 Qd7 13.Kh2 Rab8 14.g4 f5 15.exf5 gxf5
16.g5 b5 17.Ng3 b4 {#r} 1-0

[Event "Ch Europe (juniors) (under 14) (g)"]
[Site "masterchessopen.com Tallinn (Estonia)"]
[Round "5"]
[White "Coimbra Margarida (POR)"]
[Black "Tompa Neda (SLO)"]
[Result "0-1"]
[WhiteElo "2162"]
[BlackElo "2010"]

1.e4 c5 2.Nc3 d6 3.g3 Nc6 4.Bg2 g6 5.d3 Bg7 6.Be3 e6 7.Nge2 Nge7 8.Qd2 Nd4
9.O-O O-O 10.f4 Nec6 11.g4 f5 12.exf5 exf5 13.g5 Re8 14.Rab1 Nxe2+ 15.Nxe2 Qe7
16.Rf3 Be6 17.c4 d5 {#R} 0-1

[Event "It (open)"]
[Site "masterchessopen.com Bethune (France)"]
[Round "0"]
[White "Andre Damien (BEL)"]
[Black "Chemali Lahcene (FRA)"]
[Result "0-1"]
[WhiteElo "2003"]
[BlackElo "2086"]

1.e4 c5 2.Nc3 Nc6 3.g3 g6 4.Bg2 Bg7 5.d3 d6 6.Be3 e6 7.Qd2 Nd4 8.Nd1 Ne7 9.c3
Ndc6 10.Bh6 O-O 11.h4 f6 12.h5 Bxh6 13.Qxh6 g5 14.f4 Kh8 15.fxg5 Ng8 16.Qxf8
Qxf8 17.Nf3 fxg5 18.Nxg5 Qg7 19.O-O Qxg5 {#R} 0-1

[Event "It (open)"]
[Site "masterchessopen.com Bled (Slovenia)"]
[Round "6"]
[White "Jurkovic Hrvoje (CRO)"]
[Black "Kavcic Uros (SLO)"]
[Result "1-0"]
[WhiteElo "2380"]
[BlackElo "2213"]

1.e4 c5 2.Nc3 Nc6 3.g3 g6 4.Bg2 Bg7 5.d3 d6 6.Be3 e6 7.Qd2 Nd4 8.Nd1 b6 9.c3
Nc6 10.Ne2 Bb7 11.O-O Nge7 12.Bh6 O-O 13.Bxg7 Kxg7 14.Ne3 f5 15.exf5 exf5
16.d4 Ba6 17.Nf4 Rf6 18.Rfe1 Qd7 19.dxc5 bxc5 20.Ned5 Nxd5 21.Qxd5 Bb7 22.Ne6+
Rxe6 23.Qxe6 {#r} 1-0

[Event "It (b)"]
[Site "masterchessopen.com Bucharest (Romania)"]
[Round "0"]
[White "Slovineanu Viacheslav (MDA)"]
[Black "Jianu Vlad-Cristian (ROM)"]
[Result "1-0"]
[WhiteElo "2440"]
[BlackElo "2225"]

1.e4 c5 2.Nc3 Nc6 3.g3 g6 4.d3 Bg7 5.Bg2 d6 6.Be3 e6 7.Qd2 Nge7 8.Bh6 O-O 9.h4
f5 10.h5 Rf7 11.hxg6 hxg6 12.Bxg7 Rxg7 13.Nf3 d5 14.exd5 exd5 15.d4 c4 16.Qh6
Kf8 17.O-O-O Be6 18.Qe3 Qd7 19.Ng5 Bg8 20.Rh8 b5 21.Re1 b4 22.Ne6+ Kf7 23.Qh6
{#r} 1-0

[Event "It (open)"]
[Site "masterchessopen.com Chemnitz (Germany)"]
[Round "1"]
[White "Klein Andreas (GER)"]
[Black "Van Haastert Edwin (NED)"]
[Result "0-1"]
[WhiteElo "2089"]
[BlackElo "2345"]

1.e4 c5 2.Nc3 Nc6 3.g3 g6 4.Bg2 Bg7 5.d3 d6 6.Be3 Rb8 7.Qd2 b5 8.Nge2 Nd4
9.O-O Qa5 10.Rae1 b4 11.Nd1 Qxa2 12.f4 Nxe2+ 13.Qxe2 Nh6 14.f5 O-O 15.b3 Qa5
16.Bf4 Qd8 17.Ne3 Kh8 18.Nd5 Ng8 19.fxg6 fxg6 20.e5 e6 21.Ne3 dxe5 {#R} 0-1

[Event "Mecklenburg Landesliga"]
[Site "masterchessopen.com Germany"]
[Round "0"]
[White "Montag Ralf (GER)"]
[Black "Bauer Norbert (GER)"]
[Result "1-0"]
[WhiteElo "2047"]
[BlackElo "2063"]

1.e4 c5 2.Nc3 Nc6 3.g3 g6 4.Bg2 Bg7 5.d3 d6 6.Be3 e6 7.Qd2 Nd4 8.Nd1 e5 9.c3
Ne6 10.Ne2 Ne7 11.Bh6 f5 12.Bxg7 Nxg7 13.O-O O-O 14.f4 Ne6 15.Ne3 exf4 16.gxf4
Ng7 17.Ng3 Qc7 18.Rae1 fxe4 19.dxe4 Be6 20.f5 gxf5 21.exf5 Bxf5 22.Nexf5 Rxf5
23.Nxf5 {#r} 1-0

[Event "Oberliga East 1998/99 (a)"]
[Site "masterchessopen.com Germany"]
[Round "0"]
[White "Zipfel Frank (GER)"]
[Black "Krueger Rainer (GER)"]
[Result "0-1"]
[WhiteElo "2150"]
[BlackElo "2196"]

1.e4 c5 2.Nc3 Nc6 3.g3 g6 4.Bg2 Bg7 5.d3 d6 6.Be3 Rb8 7.Qd2 Bd7 8.h4 h5 9.Nh3
b5 10.O-O b4 11.Nd1 Nd4 12.c3 Bxh3 13.cxd4 Bxg2 14.Kxg2 cxd4 15.Bg5 f6 16.f4
fxg5 17.f5 gxh4 18.fxg6 h3+ 19.Kh2 Nf6 20.Qg5 Qd7 21.Nf2 Rb5 22.Qf4 O-O {#R}
0-1

[Event "It (open) (b)"]
[Site "masterchessopen.com Jantar Baldyku (Poland)"]
[Round "0"]
[White "Debowiak Marcin (POL)"]
[Black "Chlebus Roman (POL)"]
[Result "1-0"]
[WhiteElo "2141"]
[BlackElo "2093"]

1.e4 c5 2.Nc3 d6 3.g3 Nc6 4.Bg2 g6 5.d3 Bg7 6.Be3 e6 7.Qd2 Nge7 8.Bh6 O-O 9.h4
f5 10.h5 Rf7 11.hxg6 hxg6 12.Bxg7 Rxg7 13.Nf3 Ne5 14.Nxe5 dxe5 15.O-O-O Nc6
16.exf5 exf5 17.Bd5+ Rf7 18.Bxf7+ Kxf7 19.Rh7+ Kf6 20.Qh6 Qg8 21.g4 Ne7
22.Qh4+ g5 23.Qh6+ Ng6 24.Nd5+ {#r} 1-0

[Event "It (open)"]
[Site "masterchessopen.com Jersey"]
[Round "7"]
[White "White Mark (ENG)"]
[Black "Bennett John (ENG)"]
[Result "0-1"]
[WhiteElo "2102"]
[BlackElo "2110"]

1.e4 c5 2.Nc3 Nc6 3.g3 g6 4.Bg2 Bg7 5.d3 d6 6.Be3 e6 7.Qd2 Nge7 8.Bh6 Bxh6
9.Qxh6 Nd4 10.O-O-O Nec6 11.Nh3 Bd7 12.Qg7 Rf8 13.Rhe1 Qe7 14.f4 O-O-O 15.Nd5
exd5 16.exd5 Ne2+ 17.Kd2 Rde8 18.c3 Qe3+ 19.Kc2 Nb4+ 20.cxb4 Nd4+ 21.Kc3 cxb4+
{#R} 0-1